<?xml version="1.0" encoding="UTF-8"?>
<record
    xmlns:xsi="http://www.w3.org/2001/XMLSchema-instance"
    xsi:schemaLocation="http://www.loc.gov/MARC21/slim http://www.loc.gov/standards/marcxml/schema/MARC21slim.xsd"
    xmlns="http://www.loc.gov/MARC21/slim">

  <leader>01001cam a2200205   4500</leader>
  <controlfield tag="005">20251008125448.0</controlfield>
  <controlfield tag="008">240705b     ag |||||||| |||| 00| 0 spa d</controlfield>
  <datafield tag="050" ind1="0" ind2="4">
    <subfield code="a">KHA2579</subfield>
    <subfield code="b">P63 1954</subfield>
  </datafield>
  <datafield tag="100" ind1="1" ind2=" ">
    <subfield code="a">Podetti, J. Ramiro</subfield>
  </datafield>
  <datafield tag="245" ind1=" " ind2="0">
    <subfield code="a">Derecho procesal civil, comercial y laboral </subfield>
    <subfield code="b"> : (doctrina, legislaci&#xF3;n y jurisprudencia) </subfield>
    <subfield code="c"> / J. Ramiro Podetti.</subfield>
  </datafield>
  <datafield tag="250" ind1=" " ind2=" ">
    <subfield code="a">1a ed.</subfield>
  </datafield>
  <datafield tag="260" ind1=" " ind2=" ">
    <subfield code="a">Buenos Aires :</subfield>
    <subfield code="b">Ediar Editores,</subfield>
    <subfield code="c">1954</subfield>
  </datafield>
  <datafield tag="300" ind1=" " ind2=" ">
    <subfield code="a">5 v. ;</subfield>
    <subfield code="c">23 cm.</subfield>
  </datafield>
  <datafield tag="504" ind1=" " ind2=" ">
    <subfield code="a">Incluye ap&#xE9;ndice e &#xED;ndices </subfield>
  </datafield>
  <datafield tag="505" ind1=" " ind2=" ">
    <subfield code="t">T.1 P:1 Tratado de la competencia (Principios y normas generales) --</subfield>
    <subfield code="t">T:2 P:2 Tratado de los actos procesales (principios y normas generales --</subfield>
    <subfield code="t">T.4 Tratado de las medidas cautelares --</subfield>
    <subfield code="t">T.5 Tratado de los recursos : con un ap&#xE9;ndice sobre las &#xFA;ltimas reformas procesales (decretos leyes 23.398/56 y 1285/58.</subfield>
  </datafield>
  <datafield tag="650" ind1=" " ind2="7">
    <subfield code="2">lemb</subfield>
    <subfield code="a">Procedimientos civiles </subfield>
    <subfield code="x">Argentina</subfield>
  </datafield>
  <datafield tag="650" ind1=" " ind2="7">
    <subfield code="2">lemb</subfield>
    <subfield code="a">Derecho comercial</subfield>
    <subfield code="z">Argentina</subfield>
  </datafield>
  <datafield tag="651" ind1=" " ind2=" ">
    <subfield code="2">lemb</subfield>
    <subfield code="a">Derecho laboral</subfield>
    <subfield code="z">Argentina</subfield>
  </datafield>
  <datafield tag="942" ind1=" " ind2=" ">
    <subfield code="2">lcc</subfield>
    <subfield code="c">LIB</subfield>
  </datafield>
  <datafield tag="999" ind1=" " ind2=" ">
    <subfield code="c">135845</subfield>
    <subfield code="d">135845</subfield>
  </datafield>
  <datafield tag="952" ind1=" " ind2=" ">
    <subfield code="1">0</subfield>
    <subfield code="2">lcc</subfield>
    <subfield code="4">0</subfield>
    <subfield code="7">0</subfield>
    <subfield code="a">LIC-002</subfield>
    <subfield code="b">LIC-002</subfield>
    <subfield code="c">GENERAL</subfield>
    <subfield code="d">2020-03-06</subfield>
    <subfield code="f">1a ed.</subfield>
    <subfield code="h">T:1 P:1</subfield>
    <subfield code="k">CSA</subfield>
    <subfield code="o">KHA2579 P63 1954</subfield>
    <subfield code="p">BFD000012290</subfield>
    <subfield code="r">2020-03-06 00:00:00</subfield>
    <subfield code="t">1</subfield>
    <subfield code="v">1.00</subfield>
    <subfield code="y">LIB</subfield>
  </datafield>
  <datafield tag="952" ind1=" " ind2=" ">
    <subfield code="1">0</subfield>
    <subfield code="2">lcc</subfield>
    <subfield code="4">0</subfield>
    <subfield code="7">0</subfield>
    <subfield code="a">LIC-002</subfield>
    <subfield code="b">LIC-002</subfield>
    <subfield code="c">GENERAL</subfield>
    <subfield code="d">2025-10-02</subfield>
    <subfield code="f">1a ed.</subfield>
    <subfield code="h">T:2 P:2</subfield>
    <subfield code="k">CSA</subfield>
    <subfield code="l">0</subfield>
    <subfield code="o">KHA2579 P63 1955</subfield>
    <subfield code="p">BFD000012291</subfield>
    <subfield code="r">2025-10-02 08:33:55</subfield>
    <subfield code="t">1</subfield>
    <subfield code="v">1.00</subfield>
    <subfield code="y">LIB</subfield>
  </datafield>
  <datafield tag="952" ind1=" " ind2=" ">
    <subfield code="1">0</subfield>
    <subfield code="2">lcc</subfield>
    <subfield code="4">0</subfield>
    <subfield code="7">0</subfield>
    <subfield code="a">LIC-002</subfield>
    <subfield code="b">LIC-002</subfield>
    <subfield code="c">GENERAL</subfield>
    <subfield code="d">2025-10-02</subfield>
    <subfield code="f">1a ed.</subfield>
    <subfield code="h">T:4</subfield>
    <subfield code="k">CSA</subfield>
    <subfield code="l">0</subfield>
    <subfield code="o">KHA2579 P63 1956</subfield>
    <subfield code="p">BFD000012292</subfield>
    <subfield code="r">2025-10-02 08:33:55</subfield>
    <subfield code="t">1</subfield>
    <subfield code="v">1.00</subfield>
    <subfield code="y">LIB</subfield>
  </datafield>
  <datafield tag="952" ind1=" " ind2=" ">
    <subfield code="1">0</subfield>
    <subfield code="2">lcc</subfield>
    <subfield code="4">0</subfield>
    <subfield code="7">0</subfield>
    <subfield code="a">LIC-002</subfield>
    <subfield code="b">LIC-002</subfield>
    <subfield code="c">GENERAL</subfield>
    <subfield code="d">2025-10-02</subfield>
    <subfield code="f">1a ed.</subfield>
    <subfield code="h">T:5</subfield>
    <subfield code="k">CSA</subfield>
    <subfield code="l">0</subfield>
    <subfield code="o">KHA2579 P63 1958</subfield>
    <subfield code="p">BFD000012293</subfield>
    <subfield code="r">2025-10-02 08:33:55</subfield>
    <subfield code="t">1</subfield>
    <subfield code="v">1.00</subfield>
    <subfield code="y">LIB</subfield>
  </datafield>
</record>
